000 00858nas a2200289 4500
001 BR0502306
003 BR-BrBNA
005 20231205105325.0
007 ta
008 230509b bl.|||p| |||| 00| 00por d
040 _aBR-BrBNA
_bpor
_cBiblioteca Nacional de Agricultura
041 _a(Pt)
072 _aM12
100 1 _aBeerli, E.L.
100 1 _aLogato, P.V.R.
100 1 _aFreitas, R.T.F. de
245 1 _aAlimentação e comportamento de larvas de pacu, Piaractus mesopotamicus (Holmberg, 1887)
650 _aPACU
650 _aPISCICULTURA
650 _aLARVA
650 _aDIETA
650 _aNUTRIÇÃO ANIMAL
650 _aCOMPORTAMENTO ANIMAL
773 0 _tCiência e Agrotecnologia (Brazil)
_xISSN 1413-7054
_g(Jan-Feb 2004), v. 28(1) p. 149-155
_wBR0502306
909 _a202311
_bLúcia
_c55
_dLúcia Elande
942 _2AGRIS
_n0
_cANA
999 _c182360
_d182360